000 00547nam a2200193Ia 4500
003 GCL
008 140319s9999 xx 000 0 eng d
040 _aGCL /
_cGCL
082 0 4 _aCC
_b378.155
_bR C
100 1 _aREID, DONALD MALCOM
245 1 0 _aCAIRO UNIVERSITY AND THE MAKING OF MODERN EGYPT /
_cREID, DONALD MALCOM
260 _a[S.N] :
_bTHE AMERICAN UNIVERSITY IN CAIRO PRESS ،
_c1991
300 _a294
650 0 4 _aHIGHER EDUCATION
650 0 4 _aUNIVERSITIES
650 0 4 _aHISTORY
650 0 4 _aCAIRO UNIVERSITY
942 _2ddc
_cBK
999 _c14186
_d14186